000 00964nas a2200325 4500
001 BR0604200
003 BR-BrBNA
005 20231205110349.0
007 ta
008 230509b bl.|||p| |||| 00| 00por d
040 _aBR-BrBNA
_bpor
_cBiblioteca Nacional de Agricultura
041 _a(Pt)
072 _aF30; F62
100 1 _aLorencetti, C.
100 1 _aCarvalho, F.I.F. de
100 1 _aOliveira, A.C. de
100 1 _aValério, I.P.
100 1 _aBenin, G.
100 1 _aZimmer, P.D.
100 1 _aVieira, E.A.
245 1 _aDistancia genética e sua associação com heterose e desempenho de híbridos em aveia
650 _aAVEIA
650 _aMARCADOR GENÉTICO
650 _aVARIAÇÃO GENÉTICA
650 _aHETEROSE
650 _aHÍBRIDO
773 0 _tPesquisa Agropecuária Brasileira (Brazil)
_xISSN 0100-204X
_g(Apr 2006), v. 41(4) p. 591-598
_wBR0604200
909 _a202311
_bLúcia
_c55
_dLúcia Elande
942 _2AGRIS
_n0
_cANA
999 _c187116
_d187116